| 000 | 00473nam a2200193Ia 4500 | ||
|---|---|---|---|
| 008 | 180207s9999 xx 000 0 und d | ||
| 020 | _a439686725 | ||
| 050 | _bW521 2004 | ||
| 100 | _aWest, Tracey | ||
| 245 | _aPokemon in disguise! / | ||
| 245 | _cadapted by Tracey West. | ||
| 260 | _aNew York : | ||
| 260 | _bScholastic, | ||
| 260 | _c2004 | ||
| 300 | _a32 pages : | ||
| 300 | _bcolor illustration ; | ||
| 300 | _c23cm. | ||
| 440 | _aPokemon advanced reader. | ||
| 999 |
_c355454 _d355454 |
||